000 01532cam a22003734a 4500
001 4048518
003 ARRUPE
005 20160203122512.0
008 990419s1999 mau b 001 0 eng
010 _a 99023900
020 _a0262122170 (hardcover : alk. paper)
040 _aDLC
_cDLC
_dDLC
041 1 _aeng
_hspa
042 _apcc
050 0 0 _aB3187
_b.L3413 1999
082 0 0 _a121/.68
_221
100 1 _aLafont, Cristina,
_d1963-
_921586
240 1 0 _aRazón como lenguaje.
_lEnglish
245 1 4 _aThe linguistic turn in hermeneutic philosophy /
_cCristina Lafont ; translated by José Medina.
260 _aCambridge, Mass. :
_bMIT Press,
_cc1999.
300 _axviii, 377 p. ;
_c23 cm.
440 0 _aStudies in contemporary German social thought
_921587
504 _aIncludes bibliographical references (p. [361]-373) and index.
650 0 _aLanguage and languages
_xPhilosophy
_xHistory
_y19th century.
_921588
650 0 _aHermeneutics
_xHistory
_y19th century.
_921589
650 0 _aPhilosophy, German
_y19th century.
_91664
650 0 _aLanguage and languages
_xPhilosophy
_xHistory
_y20th century.
_921590
650 0 _aHermeneutics
_xHistory
_y20th century.
_921591
650 0 _aPhilosophy, German
_y20th century.
_916726
906 _a7
_bcbc
_corignew
_d1
_eocip
_f19
_gy-gencatlg
942 _2lcc
_cMONOGRAPH
999 _c123965
_d123965